Marta Pessarrodona [Enregistrament sonor] / Marta Pessarrodona
ISBN:
84-931497-3-X
Descripción Física:
1 disc òptic (CD) ca. 33 min + [36] p. : il. ; 14 x 15 cm ; dins 1 contenidor
Colección:
Poesia / Zanfonia
Materias:
Pessarrodona, Marta -- Poesia
MARC
| LEADER | 00000nam a2200000Ia 4500 | ||
|---|---|---|---|
| 001 | 14412 | ||
| 008 | 160829s2000 xx 000 0 cat d | ||
| 020 | |a 84-931497-3-X | ||
| 080 | |a CD-1-43 | ||
| 100 | |a Pessarrodona, Marta |9 3029 | ||
| 245 | |a Marta Pessarrodona [Enregistrament sonor] / Marta Pessarrodona | ||
| 260 | |a Barcelona : |b Zanfonia, |c 2000 | ||
| 300 | |a 1 disc òptic (CD) ca. 33 min + [36] p. : |b il. ; |c 14 x 15 cm ; |c dins 1 contenidor | ||
| 490 | |a Poesia / Zanfonia | ||
| 590 | |a Breu introducció biogràfica per Ana María Moix. Lectura: Mayfe Gil, Carme Sansa. Direcció d'intèrprets: Esther Formosa. Sel·lecció de poemes: Ana Mª Moix. | ||
| 590 | |a Música de Wagner, interpretada al piano per Josep Ma Escribano | ||
| 650 | |a Pessarrodona, Marta |x Poesia |9 27849 | ||
| 700 | |a Moix, Ana María, |d 1947-2014 |9 34527 | ||
| 700 | |a Gil, Maife |9 27850 | ||
| 700 | |a Sansa, Carme I |9 27851 | ||
| 700 | |a Escribano, Josep Maria |9 22501 | ||
| 901 | |a Arxiu | ||
| 942 | |n 1 | ||
| 952 | |0 0 |1 0 |4 0 |6 CD143 |7 1 |9 44570 |a Arxiu |b Arxiu |d 2016-12-01 |l 0 |o CD-1-43 |p 14412 |r 2016-12-01 00:00:00 |w 2016-12-01 |y ARXIU | ||
| 999 | |c 47151 |d 47151 | ||